| 000 | 00337nam a2200097Ia 4500 | ||
|---|---|---|---|
| 008 | 220512s9999 xx 000 0 eng d | ||
| 245 | 4 | _aThe cournot-bertrand profit differential:a reversal result in network goods duopoly / | |
| 260 |
_aMumbai : _bIndira Gandhi Institute of Development Research, _cJul-13 |
||
| 546 | _aEnglish | ||
| 942 | _cPR | ||
| 999 |
_c36822 _d36822 |
||